Il diritto civile nella legalità costituzionale: secondo il sistema italo-comunitario delle fonti
Tallennettuna:
| Päätekijä: | |
|---|---|
| Aineistotyyppi: | Kirja |
| Kieli: | italia |
| Julkaistu: |
Nápoles
Edizioni Scientifiche Italiane
2006
|
| Painos: | 3a. ed |
| Aiheet: | |
| Tagit: |
Lisää tagi
Ei tageja, Lisää ensimmäinen tagi!
|
MARC
| LEADER | 00000cam a2200000 a 4500 | ||
|---|---|---|---|
| 001 | UCE5233 | ||
| 003 | CL-VaPUC | ||
| 008 | 141218e20060000it |||||||||||||||||ita|d | ||
| 020 | |a 8849513534 | ||
| 082 | 0 | 4 | |a 346.45 |b PER |2 21 |
| 100 | 0 | |a Perlingieri, Pietro |e author |9 577768 | |
| 245 | 1 | 3 | |a Il diritto civile nella legalità costituzionale: secondo il sistema italo-comunitario delle fonti |
| 250 | |a 3a. ed | ||
| 300 | |a 1083 p | ||
| 942 | |c BK | ||
| 945 | |d 20141218 14:42:00 |a dcastane | ||
| 260 | |a Nápoles |b Edizioni Scientifiche Italiane |c 2006 | ||
| 650 | 0 | |a Derecho civil italiano |9 400952 | |
| 650 | 0 | |a Historia del derecho |9 255109 | |
| 650 | 0 | |a Ordenamiento jurídico |9 355371 | |
| 583 | |a last modification |c 20141218 14:42:00 |k Rodrigo Vera | ||
| 999 | |c 357993 |d 357991 | ||
| 952 | |0 0 |1 0 |3 erd |4 0 |6 346_450000000000000_PER_2006 |7 0 |8 A |9 466198 |a BIBDER |b BIBDER |i 5129915 |l 1 |o 346.45 PER 2006 |p 5129915 |r 2024-06-07 |s 2024-05-10 |w 2019-11-23 |y BK |z Catalogado en:20141218 |k DER | ||